LEADER 01249nam--2200361---450- 001 990001904320203316 005 20090422104611.0 035 $a000190432 035 $aUSA01000190432 035 $a(ALEPH)000190432USA01 035 $a000190432 100 $a20040804d1989----km-y0itay0103----ba 101 0 $aita 102 $aIT 105 $a||||||||001yy 200 1 $a<> educazione scientifica nella scuola di base$emateriali della 1. settimana pedagogica nocerina$eNocera Inferiore, 18-22 aprile 1988 210 $a[s.l.]$c[s.n.]$d1989 215 $a263 p. : [8] c. di tav.$d24 cm 300 $aIn testa al front. : C.I.D.I. Nocera; Regione Campania, Servizio Istruzione e cultura, Centro servizi culturali; Istituto magistrale A. Galizia 410 0$12001 454 1$12001 461 1$1001-------$12001 606 0 $aScienze$xInsegnamento$xScuola elementare 676 $a372.35044 801 0$aIT$bsalbc$gISBD 912 $a990001904320203316 951 $a372.35 EDU 1 (IX A 542)$b115303 L.M.$cIX A$d00202659 959 $aBK 969 $aUMA 979 $aSIAV1$b10$c20040804$lUSA01$h1131 979 $aRSIAV4$b90$c20090422$lUSA01$h1046 996 $aEducazione scientifica nella scuola di base$9954550 997 $aUNISA LEADER 01608nam 2200409 450 001 9910716762903321 005 20210812105223.0 035 $a(CKB)5470000002524546 035 $a(OCoLC)1263690005 035 $a(EXLCZ)995470000002524546 100 $a20210812d2020 ua 0 101 0 $aeng 135 $aur||||||||||| 181 $ctxt$2rdacontent 182 $cc$2rdamedia 183 $acr$2rdacarrier 200 10$aWestern purple martin (Progne subis arboricola) occurrence on the Siuslaw National Forest, summer 2019 /$fby Joan Hagar and Eric Branch 210 1$aReston, Virginia :$cU.S. Department of the Interior, U.S. Geological Survey,$d2020. 215 $a1 online resource (iv, 25 pages) $ccolor illustrations, color maps 225 1 $aU.S. Geological survey open-file report,$x2331-1258 ;$v2020-1130 320 $aIncludes bibliographical references (pages 13-14). 517 $aWestern purple martin 606 $aPurple martin$xBreeding$zOregon$zSiuslaw National Forest 606 $aPurple martin$xHabitat$zOregon$zSiuslaw National Forest 606 $aPurple martin$xMonitoring$zOregon$zSiuslaw National Forest 615 0$aPurple martin$xBreeding 615 0$aPurple martin$xHabitat 615 0$aPurple martin$xMonitoring 700 $aHagar$b Joan$01401671 702 $aBranch$b Eric 712 02$aGeological Survey (U.S.), 801 0$bGPO 801 1$bGPO 906 $aBOOK 912 $a9910716762903321 996 $aWestern purple martin (Progne subis arboricola) occurrence on the Siuslaw National Forest, summer 2019$93542782 997 $aUNINA